000
00306nam a2200133Ia 4500
005
20251222155045.0
008
251222s9999||||xx |||||||||||||| ||spa||
082
_a
BIO.09
100
_a
REINHARD, Ernest
245
0
_a
BiologĂa Farmaceutica
250
_a
no ed.
264
_b
Manuel company
942
_c
LIB
999
_c
37049
_d
37049